LIBRARY & INFORMATION CENTRE, KCAET, TAVANUR

ONLINE PUBLIC ACCESS CATALOGUE (OPAC)

Normal view MARC view
  • Wild, Alan

Entry Personal Name

Number of records used in: 1

001 - CONTROL NUMBER

  • control field: 6077

003 - CONTROL NUMBER IDENTIFIER

  • control field: OSt

005 - DATE AND TIME OF LATEST TRANSACTION

  • control field: 20240220153903.0

008 - FIXED-LENGTH DATA ELEMENTS

  • fixed length control field: 240220|| aca||aabn | a|a d

040 ## - CATALOGING SOURCE

  • Original cataloging agency: OSt
  • Transcribing agency: OSt

100 ## - HEADING--PERSONAL NAME

  • Personal name: Wild, Alan

670 ## - SOURCE DATA FOUND

  • Source citation: Work cat.: (OSt)3000: Wild, Alan ., Soils and the environment an Introduction / , 1993.
free website counter